| 000 | 01357nam a2200325 i 4500 | ||
|---|---|---|---|
| 001 | 192838 | ||
| 003 | SpMaBN | ||
| 005 | 20240418063128.0 | ||
| 008 | 230530s2014 sp a | |||| 000 0 spa | ||
| 017 |
_aB 17648-2014 _bOficina Depósito Legal Barcelona |
||
| 020 |
_a9788416177165 _qcart. |
||
| 035 | _a(OCoLC)898011181 | ||
| 040 |
_aSpMaBN _bspa _cSpMaBN _erdc _dES-MaACL |
||
| 080 | _a681.816(460)(091) | ||
| 100 | 1 |
_aGarcía del Busto, José Luis, _d1947- _eaut _9167192 |
|
| 245 | 1 | 0 |
_aHazen y el piano en España : _bde 1814 a nuestros días / _cJosé Luis García del Busto, Cristina Bordas |
| 260 |
_a[Barcelona] : _bLunwerg, _c[2014] |
||
| 300 |
_a174 páginas : _bilustraciones (blanco y negro y color) ; _c31 cm + _e1 folleto ([16] p. : ilustraciones) |
||
| 336 |
_aTexto (visual) _2isbdcontent |
||
| 337 |
_asin mediación _2isbdmedia |
||
| 500 | _aAcompañado de facsímil de un prospecto de Hazen de 1919 | ||
| 610 | 2 |
_aHazen, Distribuidora General de Pianos- _vHistoria _2embne _9226502 |
|
| 650 | 0 |
_aPiano- _xFabricación _2embne _9226503 |
|
| 650 | 0 |
_aPiano- _zMadrid _2embne _9226504 |
|
| 700 | 1 |
_aBordas Ibáñez, Cristina, _eaut _9226505 |
|
| 852 |
_aES-MaACL _bR. 153262 _cDEPOJ _hDonación: Editorial _jN-8473 _xCartoné _9200141 |
||
| 942 |
_cMONOGRAFIA _n0 |
||
| 999 |
_c192838 _d192838 |
||